Footballeurs argentins (par images). - Statistiques

Statistiques générales
  • Ce quiz a été pris 305 fois
  • Le résultat moyen est 12 sur 20
Statistiques - réponses
Par images Réponse % Correct
Lionel Messi
100%
Ángel Di María
99%
Diego Maradona
98%
Sergio Agüero
93%
Lautaro Martínez
88%
Javier Mascherano
86%
Gonzalo Higuaín
85%
Carlos Tévez
81%
Javier Zanetti
76%
Hernán Crespo
68%
Juan Sebastián Verón
67%
Juan Román Riquelme
58%
Gabriel Batistuta
57%
Esteban Cambiasso
34%
Mario Kempes
29%
Daniel Passarella
13%
Pablo Aimar
12%
Claudio Caniggia
5%
Ubaldo Fillol
5%
Omar Sívori
4%
Aucun quiz correspondant
Distribution des résultats
% des personnes avec chaque résultat
Percentile par nombre de réponses
Votre historique - résultats
Vous n’avez pas pris ce quiz